| 000 | 00652nam a2200229 i 4500 | ||
|---|---|---|---|
| 001 | 142255 | ||
| 003 | ES-MaACL | ||
| 005 | 20230906200459.0 | ||
| 007 | t| | ||
| 008 | 071004s1957 sp a ||||1|bspa d | ||
| 080 | _a929Mola Vidal, Emilio | ||
| 100 | 1 |
_aVigón, Jorge. _9114665 |
|
| 245 | 1 | 0 |
_aGeneral Mola, (El conspirador) / _cJorge Vigón. |
| 250 | _a[1ª ed.]. | ||
| 260 |
_aBarcelona : _bA. H. R., _c[1957] |
||
| 300 |
_a330 p. : _bil. ; _c18 cm. |
||
| 490 | 1 | _aLa Epopeya y sus hérores | |
| 600 | 1 | 4 |
_aMola Vidal, Emilio. _981837 |
| 830 | 0 |
_aLa Epopeya y sus hérores _9220484 |
|
| 852 |
_aES-MaACL _jC-12917 |
||
| 999 |
_c142255 _d142255 |
||